Statistics for Most popular PS1 Games

Click here to take the quiz!

General Stats

  • This quiz has been taken 196 times
  • The average score is 8 of 50

Answer Stats

Answer% Correct
6.82Crash Bandicoot
84%
7Metal Gear Solid
48%
8Tomb Raider
47%
9.72Final Fantasy VII
46%
5.08Resident Evil
45%
4.832Spyro the Dragon
45%
8.15Final Fantasy VIII
44%
5.3Final Fantasy IX
40%
3.37Tekken 2
37%
8.5Tekken 3
37%
4.96Resident Evil 2
32%
2Silent Hill
31%
2.2Crash Team Racing
24%
10.85Grand Turismo
18%
4Rayman
18%
3.283Spyro: Year of the Dragon
18%
1.9Crash Bash
15%
3.32Tony Hawk's: Pro Skater
13%
2.3Final Fantasy Tactics
12%
8Tomb Raider II
12%
9.37Grand Turismo 2
11%
3.451Spyro 2: Ripto's Rage!
11%
6.5Tomb Raider III
11%
3.15Tony Hawk's: Pro Skater 2
11%
3.22Driver
10%
1.269Chrono Cross
9%
3.5Resident Evil 3: Nemesis
9%
5.17Crash Bandicoot 2: Cortex Strikes Back
8%
2.4Dino Crisis
8%
1.85Spider-Man
7%
2.2Tony Hawk's Pro Skater 3
7%
1.92WWF Smackdown!
7%
1.74Twisted Metal 2
6%
3Croc: Legend of the Gobbos
5%
2.85Driver 2
5%
2.01Mortal Kombat Trilogy
5%
5Tomb Raider: The Last Revelation
5%
1.5Madden '99
4%
3.37Frogger
3%
3.5Oddworld: Abe's Oddysee
3%
3Parappa the Rappa
2%
4.12Dragon Warrior VII
1%
2.13Everybody's Golf
1%
8Harry Potter and the Philosopher's Stone
1%
1.15Nascar '98
1%
1.87WWF Smackdown! 2: Know your Role
1%
2.2WWF War Zone
1%
7.13Crash Bandacoot: Warped
0%
2Derby Stallion
0%
2.24Namco Museum Volume 3
0%

Score Distribution

Percentile by Number Answered

Percent of People with Each Score

Your Score History

You have not taken this quiz